000
00289nam a2200109Ia 4500
008
220217s9999||||xx |||||||||||||| ||und||
100
_a
Srivasthava, S, K
_9
2859
245
0
_a
C in depth
260
_a
IDG bokks
_b
New Delhi
_c
1999
300
_a
410p
_b
150
650
_a
PROGRAMMING LANGUAGE
999
_c
170137
_d
170137